LDR 01014naa#a2200193#i#450# 001 RU\\bibl\121461 005 20260429050254.3 011 ## _a1994-4683 100 ## _a20230531b2023####ek#y0rusy0150####ca 102 ## _aRU 200 1# _aРАЗВИТИЕ КООРДИНАЦИОННЫХ СПОСОБНОСТЕЙ ДЕТЕЙ 7-8 ЛЕТ (ПЕРВЫЙ ГОД ОБУЧЕНИЯ В СЕКЦИИ КАРАТЭ) _eЖурнальная статья 210 1# _aМосква _cНациональный государственный Университет физической культуры, спорта и здоровья им. П.Ф. Лесгафта _d2023 215 ## _a6 с. 608 ## _aЖурнальная статья _2local 675 ## _aКоординационные (психофизические) способности. Координация движений. 796.012.2 _z 700 #1 _aСкорохватов _gВ П 700 #1 _aМакарова _gМ Н 700 #1 _aЭсаулова _gК А 856 4# _auchzapiski.lesgaft.spb.ru _u